000 00668nam a22002177a 4500
003 UA-OsUOA
001 68186
007 ta
008 20100409b un ||||| |||| 00| 0 ukr d
100 _aЯмчук П.
090 _a2
_bЯ58
942 _cSA
040 _aUA-OsUOA
_bukr
_cUA-OsUOA
_dUA-OsUOA
245 _aІдеал релігійного консерватизму в добу Середньовіччя в східній та західній рецепціях: Лі Бо та Іван Вишенській
300 _aС.179-186
955 _a0
041 _aukr
080 _a2
773 0 _w68183
650 7 _a2 Релігія. Теологія.
_2UDC
999 _c354343
_d354343